Trenčianske Teplice

Zobrazenie: Na striebornom podklade v bielom orámovaní pohľady na liečebné domy, kúpeľný hotel Pax a hotel Krym

Bibliographic Details
Other Authors: Šmátrala, Milan (fotograf) (Photographer), Šmátralová, Vlasta (fotografka) (Photographer)
Format: Photo
Language:Slovak
PhysicalDescription:1 pohľadnica (5 čiastkových pohľadov) farebná 11 x 15 cm
Published: Bratislava Pravda 1988
Subjects:

MARC

LEADER 00000ckm a2200000 a 4500
001 vtls001200839
003 SK-MaSNL
005 20260331203145.0
007 kf co
008 230718s1988 xo g 0kuslo
015 |a SNBG1988 
035 |a SNK000143909 
035 |a urn:nbn:sk:snk-km3lwpf 
035 |a 713B1E6B-BE95-49B1-BAD5-6BD78E10F89F 
035 |a urn:nbn:sk:snk-km00dqz1 
040 |a SNK  |b slo  |c SNK  |e AACR2 
041 0 |a slo 
043 |a e-xo--- 
044 |a xo  |c SK 
072 7 |a 913  |x Regionálna geografia  |2 konspekt 
080 |a 913(437.6)  |2 2011 
080 |a (084.121)  |2 2011 
080 |a 640.412  |2 2011 
080 |a 614.2:[725.1:614.21]  |2 2011 
080 |a 711.455:615.838  |2 2011 
100 1 |a Šmátrala, Milan  |c (fotograf)  |4 pht  |9 164919 
245 1 0 |a Trenčianske Teplice  |h grafika  |c foto Milan Šmátrala, Vlasta Šmátralová 
246 1 |i Názov na adresnej časti:  |a Čs. štátne kúpele Trenčianske Teplice 
260 |a Bratislava  |b Pravda  |c 1988 
300 |a 1 pohľadnica (5 čiastkových pohľadov)  |b farebná  |c 11 x 15 cm 
500 |a Hlavný názov prevzatý z obrazovej časti pohľadnice 
500 |a Na adresnej časti pohľadnice uvedené: Čs. štátne kúpele Trenčianske Teplice - svetoznáme kúpele v Strážovských vrchoch. Liečia sa tu s úspechom najmä choroby pohybového ústrojenstva a poúrazové stavy 
520 8 |a Zobrazenie: Na striebornom podklade v bielom orámovaní pohľady na liečebné domy, kúpeľný hotel Pax a hotel Krym 
610 2 7 |a Československé štátne kúpele (Trenčianske Teplice, Slovensko)  |2 SNKKA  |9 187703 
650 0 7 |a liečebne  |2 SNKPH  |9 56920 
650 0 7 |a hotely  |2 SNKPH  |9 18422 
650 0 7 |a kúpele  |2 SNKPH  |9 1139 
651 7 |a Trenčianske Teplice (Slovensko)  |2 SNKPHgeo  |9 14503 
655 7 |a miestne pohľadnice  |2 SNKPH  |9 70510 
700 1 |a Šmátralová, Vlasta  |c (fotografka)  |4 pht  |9 283285 
852 |a Slovenská národná knižnica 
954 |a pohľadnice pôvodné (slovenské)  |2 lita 
958 |a GBN 
958 |a TL 
958 |a GC 
958 |a OND 
999 |c 968441  |d 970371 
952 |a SNK  |b SNK  |y PREZ  |7 0  |p 17A1295146  |o snkSP 139454  |i snk1799/88  |0 0  |1 0  |4 0  |d 2018-10-24  |f 1  |l 0  |r 2026-02-24 10:42:59  |w 2026-02-24 
952 |a SNK  |b SNK  |y PREZ  |7 0  |p 17A1295144  |o snkSP 139454 D1  |i snk1800/88  |0 0  |1 0  |4 0  |d 2018-10-24  |l 0  |r 2026-02-24 10:42:59  |w 2026-02-24